00870cam a2200217 a 450000100100000000500170001000800410002704000230006808200220009110000310011324500880014426000790023230000210031150400320033265000410036465100410040565000320044691000340047895201250051299900150063700000257820200929150221.0820322s1979 ho b 001 0 spa  aDO-SdBNPcDLCdDLC aHo808.51bP348ó1 aPaz Barnica, Edgardo9811513aLa oratoria en Honduras :bdesde la colonia a nuestros dias /cEdgardo Paz Barnica. aTegucigalpa, Honduras :bUniversidad Nacional Autonoma de Honduras,c1979. a222 p. ;c21 cm. aBibliografía: p. 213-217. 4aOratoriazHonduraxColecciones98116 4aHonduraxPolítica Y Gobierno98117 4aLiteratura hondureña9836 aCatalogación por copia / LC 001052708MOaGRbGRcCTd2009-07-10iLF1l0oHo808.51 P348óp2578-10r2020-06-25w2020-06-25y2ZPréstamo interno c2414d2414